<?xml version="1.0" encoding="UTF-8"?><?xml-stylesheet type="text/xsl" href="static/style.xsl"?><OAI-PMH xmlns="http://www.openarchives.org/OAI/2.0/" xmlns:xsi="http://www.w3.org/2001/XMLSchema-instance" xsi:schemaLocation="http://www.openarchives.org/OAI/2.0/ http://www.openarchives.org/OAI/2.0/OAI-PMH.xsd"><responseDate>2026-04-17T12:01:31Z</responseDate><request verb="GetRecord" identifier="oai:www.recercat.cat:20.500.12327/1996" metadataPrefix="marc">https://recercat.cat/oai/request</request><GetRecord><record><header><identifier>oai:recercat.cat:20.500.12327/1996</identifier><datestamp>2025-10-22T11:32:27Z</datestamp><setSpec>com_2072_4428</setSpec><setSpec>com_2072_4427</setSpec><setSpec>col_2072_487898</setSpec></header><metadata><record xmlns="http://www.loc.gov/MARC21/slim" xmlns:dcterms="http://purl.org/dc/terms/" xmlns:xsi="http://www.w3.org/2001/XMLSchema-instance" xmlns:doc="http://www.lyncode.com/xoai" xsi:schemaLocation="http://www.loc.gov/MARC21/slim http://www.loc.gov/standards/marcxml/schema/MARC21slim.xsd">
   <leader>00925njm 22002777a 4500</leader>
   <datafield ind2=" " ind1=" " tag="042">
      <subfield code="a">dc</subfield>
   </datafield>
   <datafield ind2=" " ind1=" " tag="720">
      <subfield code="a">Austrich i Comas, Anna</subfield>
      <subfield code="e">author</subfield>
   </datafield>
   <datafield ind2=" " ind1=" " tag="720">
      <subfield code="a">Serra Castelló, Cristina</subfield>
      <subfield code="e">author</subfield>
   </datafield>
   <datafield ind2=" " ind1=" " tag="720">
      <subfield code="a">Jofré, Anna</subfield>
      <subfield code="e">author</subfield>
   </datafield>
   <datafield ind2=" " ind1=" " tag="720">
      <subfield code="a">Gou, Pere</subfield>
      <subfield code="e">author</subfield>
   </datafield>
   <datafield ind2=" " ind1=" " tag="720">
      <subfield code="a">Bover-Cid, Sara</subfield>
      <subfield code="e">author</subfield>
   </datafield>
   <datafield ind2=" " ind1=" " tag="260">
      <subfield code="c">2022-09-30</subfield>
   </datafield>
   <datafield ind2=" " ind1=" " tag="520">
      <subfield code="a">Listeria monocytogenes is one of the most relevant pathogens for ready-to-eat food, being a challenge for the food industry to comply with microbiological criteria. The aim of the work was to assess the behavior of L. monocytogenes in two types of chicken-based dry-fermented sausages during the fermentation and ripening, with or without a bioprotective starter culture (Latilactobacillus sakei CTC494). To complement the challenge testing approach, simulations with different predictive models were performed to better understand the role of contributing factors. The impact of post-processing strategies, such as high-pressure processing and/or corrective storage was assessed. The chicken meat was inoculated with a cocktail of three L. monocytogenes strains, mixed with other ingredients/additives and stuffed into small (snack-type) or medium (fuet-type) casings. Snack-type was fermented (22°C/3 days) and ripened (14°C/7 days), while fuet-type was ripened (13°C/16 days). At the end of ripening, HPP (600 MPa/5 min) and/or corrective storage (4 or 15°C/7 days) were applied. The suitability of HPP after fermentation was evaluated in the snack-type sausages. Pathogen growth (>3 Log10) was observed only during the fermentation of the snack type without a starter. The bioprotective starter prevented the growth of L. monocytogenes in the snack-type sausages and enhanced the inactivation (1.55 Log10) in fuet-type sausages, which could be related to the higher lactic acid production and consequent decrease of pH, but also the production of the antilisterial bacteriocin sakacin k. The gamma concept model allowed us to identify the main factors controlling the L. monocytogenes’ growth, i.e., the temperature during the early stages and aw at the end of the production process. The earlier acidification linked with the addition of starter culture made the interaction with the other factors (undissociated lactic acid, aw and temperature) to be the growth-preventing determinants. High-pressure processing only caused a significant reduction of L. monocytogenes in snack-type, which showed higher aw. The application of HPP after fermentation did not offer a relevant advantage in terms of efficacy. Corrective storage did not promote further pathogen inactivation. The findings of the work will guide the food industry to apply effective strategies (e.g., fermentation temperature and bioprotective starter cultures) to control L. monocytogenes in chicken dry-fermented sausages.</subfield>
   </datafield>
   <datafield ind1="8" ind2=" " tag="024">
      <subfield code="a">Austrich-Comas, Anna, Cristina Serra-Castelló, Anna Jofré, Pere Gou, and Sara Bover-Cid. 2022. "Control Of Listeria Monocytogenes In Chicken Dry-Fermented Sausages With Bioprotective Starter Culture And High-Pressure Processing". Frontiers In Microbiology 13. doi:10.3389/fmicb.2022.983265.</subfield>
   </datafield>
   <datafield ind1="8" ind2=" " tag="024">
      <subfield code="a">1664-302X</subfield>
   </datafield>
   <datafield ind1="8" ind2=" " tag="024">
      <subfield code="a">http://hdl.handle.net/20.500.12327/1996</subfield>
   </datafield>
   <datafield ind1="8" ind2=" " tag="024">
      <subfield code="a">https://doi.org/10.3389/fmicb.2022.983265</subfield>
   </datafield>
   <datafield ind2="0" ind1="0" tag="245">
      <subfield code="a">Control of Listeria monocytogenes in chicken dry-fermented sausages with bioprotective starter culture and high-pressure processing</subfield>
   </datafield>
</record></metadata></record></GetRecord></OAI-PMH>